ရဟန်းကျင့်ဖွယ်နှစ်ရာ့နှစ်ဆယ်ခုနှစ်သွယ်၊ ပထမတွဲ / (Record no. 41118)

000 -LEADER
fixed length control field 00914nam a22002057a 4500
005 - DATE AND TIME OF LATEST TRANSACTION
control field 20241121085817.0
008 - FIXED-LENGTH DATA ELEMENTS--GENERAL INFORMATION
fixed length control field 240726b ||||| |||| 00| 0 eng d
040 ## - CATALOGING SOURCE
Transcribing agency SSBUL
041 ## - LANGUAGE CODE
Language code of text/sound track or separate title Myanmar
082 ## - DEWEY DECIMAL CLASSIFICATION NUMBER
Edition number 23
Classification number ၂၉၄.၃၈၂၂ အံ့
Item number ၁၃၀၉၀ S-SAT
100 0# - MAIN ENTRY--PERSONAL NAME
Personal name အံ့၊ မောင်။
9 (RLIN) 16443
110 ## - MAIN ENTRY--CORPORATE NAME
9 (RLIN) 49308
245 10 - TITLE STATEMENT
Title ရဟန်းကျင့်ဖွယ်နှစ်ရာ့နှစ်ဆယ်ခုနှစ်သွယ်၊ ပထမတွဲ /
Statement of responsibility, etc. မောင်အံ့။
260 ## - PUBLICATION, DISTRIBUTION, ETC.
Place of publication, distribution, etc. ရန်ကုန်၊
Name of publisher, distributor, etc. သာသနာရေးဦးစီးဌာန၊
Date of publication, distribution, etc. ၁၉၈၁။
300 ## - PHYSICAL DESCRIPTION
Extent ဍ၊ ၁၂၈ စာမျက်နှာ၊
Dimensions ၂၀ စင်တီ။
500 ## - GENERAL NOTE
General note S-SAT: Dr. Sai Aung Tun
650 ## - SUBJECT ADDED ENTRY--TOPICAL TERM
Topical term or geographic name entry element သံဃာ
General subdivision စည်းမျဥ်းစည်းကမ်း။
9 (RLIN) 49165
Topical term or geographic name entry element ဝိနည်း
942 ## - ADDED ENTRY ELEMENTS (KOHA)
Source of classification or shelving scheme
Koha item type Book (Short term)
Holdings
Withdrawn status Lost status Source of classification or shelving scheme Damaged status Not for loan Collection code Permanent Location Current Location Shelving location Date acquired Total Checkouts Full call number Barcode Date last seen Price effective from Koha item type Accession
          Special Collections Shan State Buddhist University Library Shan State Buddhist University Library Special Collection Shelves 21/11/2024   ၂၉၄.၃၈၂၂ အံ့ ၁၃၀၉၀ S-SAT MB00013090 21/11/2024 21/11/2024 Book (Short term) ၁၃၀၉၀ S-SAT

Library - 09407999929
Admin Office - 09407999979
Dean Office - 09250910768
Registrar Office - 09892297154
Email - [email protected]
Shan State Buddhist University, Phaya Phyu Taunggyi, Shan State, Myanmar.